00410nam 22001453 450000100060000009000100000610000410001610100080005720000910006521000510015631700090020760600330021680100090024994200060025832730 a32730 a20260416d u||y0pory50 ba aeng aPapers in Meteorology and GeophysicseVol 29, Nº 4fMeteorological Research Institute aJapancMeteorological Research Instituted1978 5INMG xPrevisão Numérica923786 gISBD n0